| Tag |
First Indicator |
Second Indicator |
Subfields |
| LEADER |
00000pam a2200000 i 4500 |
| 001 |
in00000037387 |
| 005 |
20151007074246.0 |
| 008 |
790807s1980 nyu 00110 eng |
| 010 |
|
|
|a 79019460
|
| 020 |
|
|
|a 0471044369
|
| 035 |
|
|
|a (OCoLC)05310641
|
| 035 |
|
|
|9 AAF1214AM
|
| 040 |
|
|
|a DLC
|c DLC
|d TXA
|d UtOrBLW
|
| 049 |
|
|
|a TXAM
|c [1243035]
|
| 050 |
0 |
0 |
|a HD31
|b .R26
|
| 082 |
0 |
|
|a 658/.04/5
|
| 100 |
1 |
|
|a Ramo, Simon.
|
| 245 |
1 |
4 |
|a The management of innovative technological corporations /
|c Simon Ramo.
|
| 264 |
|
1 |
|a New York :
|b Wiley,
|c [1980]
|
| 264 |
|
4 |
|c ©1980
|
| 300 |
|
|
|a x, 476 pages ;
|c 24 cm.
|
| 336 |
|
|
|a text
|b txt
|2 rdacontent
|
| 337 |
|
|
|a unmediated
|b n
|2 rdamedia
|
| 338 |
|
|
|a volume
|b nc
|2 rdacarrier
|
| 500 |
|
|
|a "A Wiley-Interscience publication."
|
| 500 |
|
|
|a Includes index.
|
| 650 |
|
0 |
|a Industrial management.
|
| 740 |
0 |
|
|a Technological corporations.
|
| 999 |
|
|
|a MARS
|
| 999 |
f |
f |
|s f142a180-4c97-33ab-b1ee-8ae54bb93b38
|i b9554ebb-baec-371a-b36f-84aa3046614f
|t 0
|
| 952 |
f |
f |
|p ric
|a Texas A&M University
|b Rellis Campus
|c Joint Library Facility
|d Remote Storage
|t 0
|e HD31 .R26
|h Library of Congress classification
|i unmediated -- volume
|m A14802620617
|
| 998 |
f |
f |
|a HD31 .R26
|t 0
|l Remote Storage
|